Quiz Pantera - Statistiques

Statistiques générales
  • Ce quiz a été pris 35 fois
  • Le résultat moyen est 7 sur 15
Statistiques - réponses
Question Réponse % Correct
Quel est le nom du guitariste assassiné ? Dimebag Darrell
82%
Le groupe prend un tournant radicale vers un style de musique, lequel ? Groove metal
82%
La chanson "Planet Caravan" est reprise de quel groupe ? Black Sabbath
76%
Quel est le nom du fanatique qui a tué Dimegal ? Nathan Gale
71%
Quel est le nom du chanteur entre 1982 et 1986 ? Terry Glaze
71%
En qu'elle année Vinnie Paul nous a t-il quitté ? 2018
65%
Quel album studio est sortie en 1988 ? Power Metal
59%
Quels sont les années d'activités du groupe ? 1981 - 2003
47%
Combien d'album studio pantera à t-il sortie au total ? 9
47%
De quelle ville est originaire Pantera ? Arlington, Texas
47%
Pantera a repris du service, en qu'elle année 2022
35%
Quel est le nom de l'album dédié à Dimebag ? Rebel Meets Rebel
29%
En qu'elle année sort le seul album live du groupe ? 1996
6%
Quel place pantera occupe du classement des meilleurs groupes de heavy metal de tous les temps selon VH1 5
6%
Combien de membres au total on fait partie du groupe ? 9
0%
Aucun quiz correspondant
Distribution des résultats
% des personnes avec chaque résultat
Percentile par nombre de réponses
Votre historique - résultats
Vous n’avez pas pris ce quiz